| 000 | 00447nam a2200145Ia 4500 | ||
|---|---|---|---|
| 008 | 211109s9999||||xx |||||||||||||| ||und|| | ||
| 082 |
_a894.812 2 _bULA-A |
||
| 100 | _aUlahannan Mappilla, P V | ||
| 245 | 0 | _aAryaputhran | |
| 260 |
_bAuthor _aChanganasserry _c1992 |
||
| 300 | _a105p. | ||
| 630 | _xgeneral stack | ||
| 650 |
_aLiterature & rhetoric _vLiteratures of other languages _xAltaic, Uralic, Hyperborean & DravidianGeneralia |
||
| 942 | _cBOOK | ||
| 999 |
_c53172 _d53172 |
||